00606nam a2200205 a 4500001001300000003000900013005001700022008004100039020002300080082001700103100001900120245005400139260005500193300000900248500003500257505004300292650002300335650002300358700001900381nice12345678IN_TiNIC20260116013735.0050524s1988 newa grp 000 0 eng  a8121543 c40000a294.561bDEH aDehejia, Vidya aSlaves of the Lordb the Path of the Tamil Saints aNew Delhi bMunshiram Manoharlal Publishers c1988 a206p aincludes index and biblioraphy2 aAppendices, Notes, Bibliography, Index aHindu Saints-Tamil aMysticism-Hinduism1 aDehejia, Vidya